000 00386 a2200157 4500
001 67386
020 _a9788501053251
040 _cAnchieta - Pituba
100 _aCastro, Marcos de
240 1 0 _aA imprensa e o caos na ortografia
_lpor
245 1 0 _aA imprensa e o caos na ortografia
300 _a347
362 0 _a2008
650 4 _aVariações da língua portuguesa
942 _cBK
999 _c67386
_d67386